000 00438nam a2200169Ia 4500
008 180207s9999 xx 000 0 und d
020 _a9789719534600
050 _bR175 2012
100 _aRamos, Zayden
245 4 _aThe hunters /
245 _cZayden Ramos and KaJo Baldisimo.
260 _aSan Juan, Philippines :
260 _bPowerHans Philippines,
260 _c2012
300 _aunpaged :
300 _bcolor illustration ;
999 _c355285
_d355285